LEADER 02920nam 22006014a 450 001 9910457940703321 005 20200520144314.0 010 $a1-280-25345-2 010 $a9786610253456 010 $a0-7645-9628-4 035 $a(CKB)1000000000348839 035 $a(EBL)226430 035 $a(OCoLC)58448235 035 $a(SSID)ssj0000109842 035 $a(PQKBManifestationID)11127719 035 $a(PQKBTitleCode)TC0000109842 035 $a(PQKBWorkID)10059569 035 $a(PQKB)10494858 035 $a(MiAaPQ)EBC226430 035 $a(CaSebORM)9780764579486 035 $a(Au-PeEL)EBL226430 035 $a(CaPaEBR)ebr10114252 035 $a(CaONFJC)MIL25345 035 $a(EXLCZ)991000000000348839 100 $a20041210d2005 uy 0 101 0 $aeng 135 $aur|n|---||||| 181 $ctxt 182 $cc 183 $acr 200 10$aBeginning InfoPath 2003$b[electronic resource] /$fF. Scott Barker 205 $a1st edition 210 $aIndianapolis, IN $cWiley Pub.$dc2005 215 $a1 online resource (380 p.) 225 1 $aWrox beginning guides. 300 $a"Programmer to programmer"--Cover. 300 $aIncludes index. 311 $a0-7645-7948-7 327 $aInfoPath, the journey begins -- Getting started designing with InfoPath -- Understanding data -- Creating an InfoPath form from an existing data source -- Utilizing XML and Web service data sources -- Working with controls in general -- Looking at some useful controls and techniques -- Working with sections -- Managing views -- Publishing InfoPath forms -- Working with code in your InfoPath form -- Getting starting using script -- Working with .NET managed code -- Real world tasks and coding examples -- Creating and working with Web services -- Implementing security -- Working with InfoPath with Windows SharePoint services -- Manufacturing plant case study. 330 $aInfoPath creates forms for data gathering, analysis, and reportingInfoPath has been adopted by many companies, ranging from Toyota and Hewlett-Packard to M/I Homes and New York Presbyterian Hospital, and recent laws that regulate data collection, such as Sarbanes-Oxley and HIPPA, have increased demandExplains how to use InfoPath in a single user mode and how to use it with other databases, such as Access and SQL Server, or in conjunction with XML Web servicesShows how to deploy multi-user forms that use InfoPath with collaborative products such as Windows SharePoint Service 410 0$aWrox beginning guides. 606 $aBusiness$xForms$xComputer programs 608 $aElectronic books. 615 0$aBusiness$xForms$xComputer programs. 676 $a005.36 700 $aBarker$b F. Scott$0117378 801 0$bMiAaPQ 801 1$bMiAaPQ 801 2$bMiAaPQ 906 $aBOOK 912 $a9910457940703321 996 $aBeginning InfoPath 2003$91980470 997 $aUNINA LEADER 04433oam 2200937 c 450 001 9910794330603321 005 20220221094418.0 010 $a3-95743-748-2 024 3 $a9783957437488 035 $a(CKB)4100000011413507 035 $a(MiAaPQ)EBC6554278 035 $a(Au-PeEL)EBL6554278 035 $a(OCoLC)1247661077 035 $a(Brill | mentis)9783957437488 035 $a(EXLCZ)994100000011413507 100 $a20220221d2020 uy 0 101 0 $aeng 135 $au||||||||| 181 $ctxt$2rdacontent 182 $cc$2rdamedia 183 $acr$2rdacarrier 200 00$aArtificial Intelligence$eReflections in Philosophy, Theology, and the Social Sciences$fIM Ing. DI Dragos-Cristian Vasilescu, Michael Filzmoser, PhD, Diana Lo?ffler, Andreas Theodorou, Johannes Gro?ssl, Jan G. Michel, Vanessa Scha?ffner, Stefan Reining, Julia Alessandra Harzheim, Rebecca Davnall, Kilian Karger, Leonie Seng, Lukas Brand, Agnieszka Wykowska, Daniel Neumann, Walther Ch. Zimmerli, Scarlet Schaffrath, David J. Gunkel, Carmen Kra?mer, Astrid Marieke Rosenthal-von der Pu?tten, Benedikt Paul Go?cke, Andreas Bischof, Arne Maibaum, Ga?bor L. Ambrus, Tobias Mu?ller, Benedikt Paul Goecke, Astrid Marieke Rosenthal-von der Pu?tten 205 $a1st ed. 210 $aPaderborn$cBrill | mentis$d2020 215 $a1 online resource (XVIII + 404 pages) 311 $a3-95743-191-3 320 $aIncludes bibliographical references and index. 330 $aThis book discusses major issues of the current AI debate from the perspectives of philosophy, theology, and the social sciences: Can AI have a consciousness? Is superintelligence possible and probable? How does AI change individual and social life? Can there be artificial persons? What influence does AI have on religious worldviews? In Western societies, we are surrounded by artificially intelligent systems. Most of these systems are embedded in online platforms. But embodiments of AI, be it by voice or by actual physical embodiment, give artificially intelligent systems another dimension in terms of their impact on how we perceive these systems, how they shape our communication with them and with fellow humans and how we live and work together. AI in any form gives a new twist to the big questions that humanity has concerned herself with for centuries: What is consciousness? How should we treat each other - what is right and what is wrong? How do our creations change the world we are living in? Which challenges do we have to face in the future? 606 $aSuperintelligenz 606 $aAutonomes Fahren 606 $aBewusstsein 606 $aBig data 606 $aRobotik 606 $asuper intelligence 606 $aautonomous driving 606 $aconsciousness 606 $arobotics 615 4$aSuperintelligenz 615 4$aAutonomes Fahren 615 4$aBewusstsein 615 4$aBig data 615 4$aRobotik 615 4$asuper intelligence 615 4$aautonomous driving 615 4$aconsciousness 615 4$arobotics 676 $a100 702 $aVasilescu$b IM Ing. DI Dragos-Cristian$4ctb 702 $aFilzmoser$b PhD, Michael$4ctb 702 $aLo?ffler$b Diana$4ctb 702 $aTheodorou$b Andreas$4ctb 702 $aGro?ssl$b Johannes$4ctb 702 $aMichel$b Jan G$4ctb 702 $aScha?ffner$b Vanessa$4ctb 702 $aReining$b Stefan$4ctb 702 $aHarzheim$b Julia Alessandra$4ctb 702 $aDavnall$b Rebecca$4ctb 702 $aKarger$b Kilian$4ctb 702 $aSeng$b Leonie$4ctb 702 $aBrand$b Lukas$4ctb 702 $aWykowska$b Agnieszka$4ctb 702 $aNeumann$b Daniel$4ctb 702 $aZimmerli$b Walther Ch$4ctb 702 $aSchaffrath$b Scarlet$4ctb 702 $aGunkel$b David J$4ctb 702 $aKra?mer$b Carmen$4ctb 702 $aRosenthal-von der Pu?tten$b Astrid Marieke$4ctb 702 $aGo?cke$b Benedikt Paul$4ctb 702 $aBischof$b Andreas$4ctb 702 $aMaibaum$b Arne$4ctb 702 $aAmbrus$b Ga?bor L$4ctb 702 $aMu?ller$b Tobias$4ctb 702 $aGoecke$b Benedikt Paul$4edt 702 $aRosenthal-von der Pu?tten$b Astrid Marieke$4edt 801 0$bMiAaPQ 801 1$bMiAaPQ 801 2$bMiAaPQ 906 $aBOOK 912 $a9910794330603321 996 $aArtificial intelligence$9104454 997 $aUNINA